000
00246nam a2200097Ia 4500
001
734503
005
20250826163835.0
008
250824s9999 xx 000 0 und d
245
0
_a
TARİHİ DEĞİŞTİREN MEKTUPLAR
_c
HAKAN BOZ
260
_b
YEDİVEREN
999
_c
734503
_d
734503